000 01470cam a2200289 4500
001 ##L131189
002 ##9079
008 050720n2005 000 0 eng u
020 _a0727733710
035 _a(Sirsi) u131189
041 0 _aeng
050 0 4 _a624.04 $2 18
110 2 _aInstitution of Civil Engineers
_91402
245 _aGuidance notes and flow charts for the professional services contract
250 _a3rd ed.
260 _aLondon
_bThomas Telford
_c2005
300 _av, 154p.
_c30cm.
350 _a20
490 _aNew Engineering Contract (Third Edition)
_vProfessional Services Contract (Third Edition): Guidance Notes and Flow Charts (Third Edition)
520 _aDivided into four parts these guidance notes introduce the third edition of the PSC, deal with the contract strategy, provide explanatory notes and set out flow charts on the Contract's use. Appendices provide examples of a form of argreement, contract data, and adapting the subcontracts to allow a contractor to employ a consultant and a consultant to employ a subconsultant.
520 _aSupersedes second edition (ISBN 0727726358)
650 2 4 _aNEW ENGINEERING CONTRACT (THIRD EDITION)
650 2 4 _aNEC ENGINEERING AND CONSTRUCTION CONTRACT (THIRD EDITION)
650 2 4 _aNEC PROFESSIONAL SERVICES CONTRACT (THIRD EDITION)
690 _aBUILT ENVIRONMENT-BUILDING CONTRACT FORMS-STANDARD FORMS OF BUILDING CONTRACT-NEW ENGINEERING CONTRACT CONTRACTS
942 _n0
999 _c104672
_d104672